| 000 | 00731nam a2200229 a 4500 | ||
|---|---|---|---|
| 001 | 43147 | ||
| 003 | BD-RjUL | ||
| 005 | 20211209053644.0 | ||
| 008 | 160619s1961 nyua b 001 0 eng d | ||
| 035 | _a(BD-RjUL)43265 | ||
| 040 |
_aDLC _cOSU _dSER _dBD-RjUL _beng |
||
| 041 | _aeng | ||
| 082 |
_a338.973 _223 _bMOP 1961 |
||
| 100 | 1 |
_aMorris, Bruce Robert, _d1909- _9132502 |
|
| 245 | 0 | 0 |
_aProblems of American economic growth / _cBruce Robert Morris |
| 260 |
_aNew York : _bOxford University Press, _cc1961 |
||
| 300 |
_aviii, 279 p. : _bill. ; _c21 cm. |
||
| 504 | _aIncludes bibliography and index. | ||
| 651 | 0 |
_aUnited States _xEconomic policy _9132503 |
|
| 651 | 0 |
_aUnited States _xEconomic conditions _9132504 |
|
| 942 |
_2ddc _cBK |
||
| 999 |
_c43147 _d43147 |
||